00793nam a22002297a 45000010005000000030006000050050017000110080041000280200015000690400029000840500008001131000021001212450114001422600050002563000048003064900032003545050008003865200088003945210029004825210020005117000032005319477FISKH20260114091431.0260114b cb ||||| |||| 00| 0 eng d a1880892588 aFISKHbengcFISKHdFISKH aPZ7 aNichols , Yuriko aTry a kite : bSuccessful reading for beginners / cWritten by Yuriko Nichols : Illustrations by Ron Wheeler  aMelrose , FL :bCommon Sense Press , c1998 . a10 pages : billustrations ;c14 X 21 cm .  aLong Vowel Reader vBook 6  aE  aThese 28 readers go along with Learning Language Arts Through Literature, Grade 1. 8 a200 bLexile estimate 8 aE bRaz-Plus  aWheeler , RoneIllustrator